01381nam a22003254a 4500001001200000003000800012006001900020007001500039008004100054010001700095020002800112040002100140035002000161050002400181082002100205245014500226260003900371300001700410490005800427504006800485533015200553650003000705650003700735650004100772655002900813700002300842710001700865830004700882856012600929ebr10023119CaPaEBRm u cr cn|||||||||010501s2002 ctu sb 001 0 eng  z 2001032925 z0275974405 (alk. paper) aCaPaEBRcCaPaEBR a(OCoLC)7075803914aJK2071b.P75 2002eb04a324.273/015422104aThe primary decisionh[electronic resource] :ba functional analysis of debates in presidential primaries /cWilliam L. Benoit ... [et al.]. aWestport, Conn. :bPraeger,c2002. axiii, 152 p.1 aPraeger series in political communication,x1062-5623 aIncludes bibliographical references (p. [141]-145) and indexes. aElectronic reproduction.bPalo Alto, Calif. :cebrary,d2013.nAvailable via World Wide Web.nAccess may be limited to ebrary affiliated libraries. 0aPrimarieszUnited States. 0aCampaign debateszUnited States. 0aPresidentszUnited StatesxElection. 7aElectronic books.2local1 aBenoit, William L.2 aebrary, Inc. 0aPraeger series in political communication.40uhttp://site.ebrary.com/lib/rucke/Doc?id=10023119zAn electronic book accessible through the World Wide Web; click to view